DEBATING REFORM: (Record no. 9746)
[ view plain ]
| 000 -LEADER | |
|---|---|
| fixed length control field | 00441nam a22001577a 4500 |
| 003 - CONTROL NUMBER IDENTIFIER | |
| control field | OSt |
| 005 - DATE AND TIME OF LATEST TRANSACTION | |
| control field | 20260511161907.0 |
| 008 - FIXED-LENGTH DATA ELEMENTS--GENERAL INFORMATION | |
| fixed length control field | 260511b |||||||| |||| 00| 0 eng d |
| 020 ## - INTERNATIONAL STANDARD BOOK NUMBER | |
| International Standard Book Number | 9781506333649 |
| 040 ## - CATALOGING SOURCE | |
| Transcribing agency | IRDP |
| 082 ## - DEWEY DECIMAL CLASSIFICATION NUMBER | |
| Classification number | 320.609 73 DEB |
| 245 ## - TITLE STATEMENT | |
| Title | DEBATING REFORM: |
| Remainder of title | CONFLICTING PERSPECTIVES ON HOW TO FIX THE AMERICAN POLITICAL SYSTEM |
| 260 ## - PUBLICATION, DISTRIBUTION, ETC. (IMPRINT) | |
| Place of publication, distribution, etc. | LONDON; |
| Name of publisher, distributor, etc. | SAGE, |
| Date of publication, distribution, etc. | 2017. |
| 700 ## - ADDED ENTRY--PERSONAL NAME | |
| Personal name | ELLIS, R.J., NELSON, M. |
| 942 ## - ADDED ENTRY ELEMENTS (KOHA) | |
| Source of classification or shelving scheme | Dewey Decimal Classification |
| Koha item type | BOOKS |
| Withdrawn status | Lost status | Source of classification or shelving scheme | Damaged status | Not for loan | Home library | Current library | Shelving location | Date acquired | Total Checkouts | Full call number | Barcode | Date last seen | Price effective from | Koha item type |
|---|---|---|---|---|---|---|---|---|---|---|---|---|---|---|
| Dewey Decimal Classification | Dodoma | Dodoma | Ground Floor | 11/05/2026 | 320.609 73 DEB | LIB*8066 | 11/05/2026 | 11/05/2026 | BOOKS | |||||
| Dewey Decimal Classification | Dodoma | Dodoma | Ground Floor | 11/05/2026 | 320.609 73 DEB | LIB*8069 | 11/05/2026 | 11/05/2026 | BOOKS | |||||
| Dewey Decimal Classification | Dodoma | Dodoma | Ground Floor | 11/05/2026 | 320.609 73 DEB | LIB*9068 | 11/05/2026 | 11/05/2026 | BOOKS | |||||
| Dewey Decimal Classification | Dodoma | Dodoma | Ground Floor | 11/05/2026 | 320.609 73 DEB | LIB*8067 | 11/05/2026 | 11/05/2026 | BOOKS |
